00450 2200181 4500001002100000005001500021008004100036020002200077035001900099041000700118082000800125090001400133100001700147245003100164260004400195300001400239650001500253INLIS00000000001049120241224114017241224||||||||| | ||| |||| || |  a978-602-8767-08-8 0010-1224010491 aid0 a650 a650 GER k0 aRobin Gerber00aKisah Sukses Bisnis Barbie aJAKARTA SELATANbPenerbit Hikmah.c2010 a318 Hal;; 0anovel anak